[Event "Montreal Pere Noel U1800"]
[Site "Montreal"]
[Date "2012.12.30"]
[Round "5.18"]
[White "Samikov, Chingis"]
[Black "Saha, Ananda"]
[Result "0-1"]
[WhiteElo "1545"]
[BlackElo "1617"]
[PlyCount "54"]
[EventDate "2012.12.26"]
[EventType "swiss"]
[EventRounds "5"]
[EventCountry "CAN"]
[SourceTitle "EXT 2022"]
[Source "ChessBase"]
[SourceDate "2021.10.06"]
[SourceVersion "1"]
[SourceVersionDate "2021.10.06"]
[SourceQuality "1"]

1. d4 d5 2. c4 e6 3. Nc3 Nf6 4. Bg5 h6 5. Bh4 Be7 6. cxd5 Nxd5 7. Bxe7 Qxe7 8. e4 Nxc3 9. bxc3 0-0 10. Nf3 b6 11. Bd3 Bb7 12. 0-0 Rd8 13. Qe2 c5 14. Rfd1 Nd7 15. e5 a6 16. Be4 Bxe4 17. Qxe4 b5 18. Rd2 Nb6 19. Rc1 c4 20. Rb2 Nd5 21. Nd2 Rac8 22. Qg4 Qa3 23. Rbc2 b4 24. cxb4 c3 25. Ne4 Nxb4 26. Rxc3 Qxc1+ 27. Rxc1 Rxc1+ 0-1

[Event "Quebec-ch A U20 Pepsico"]
[Site "Montreal"]
[Date "2012.02.12"]
[Round "5"]
[White "Guentchev, Radoslav"]
[Black "Samikov, Chingis"]
[Result "1-0"]
[WhiteElo "1421"]
[BlackElo "1417"]
[PlyCount "135"]
[EventDate "2012.02.10"]
[EventType "swiss"]
[EventRounds "5"]
[EventCountry "CAN"]
[SourceTitle "EXT 2022"]
[Source "ChessBase"]
[SourceDate "2021.10.06"]
[SourceVersion "1"]
[SourceVersionDate "2021.10.06"]
[SourceQuality "1"]

1. d4 Nf6 2. Nf3 g6 3. g3 Bg7 4. Bg2 d6 5. 0-0 0-0 6. c4 Nbd7 7. Nc3 e5 8. dxe5 dxe5 9. Bg5 Re8 10. e4 c6 11. Qc2 Qc7 12. Bxf6 Nxf6 13. Rad1 Be6 14. b3 h6 15. Qd2 Red8 16. Qc2 a5 17. Rxd8+ Rxd8 18. Rd1 Rxd1+ 19. Qxd1 Nd7 20. Ne1 Nc5 21. Nd3 Na6 22. Qd2 Qd6 23. Qe3 Qd4 24. Qxd4 exd4 25. Na4 Nb4 26. Nxb4 axb4 27. Nc5 Bc8 28. Nd3 Bf8 29. c5 Kg7 30. f4 Bg4 31. Kf2 Bd1 32. Nxb4 Bxc5 33. Nd3 Ba3 34. Ke1 Bc2 35. Kd2 Bb1 36. Bh3 b6 37. Bd7 c5 38. Bb5 f6 39. e5 fxe5 40. Nxe5 Bb4+ 41. Kc1 Bf5 42. Bd3 Kf6 43. Kc2 Ke6 44. Bxf5+ gxf5 45. Kd3 b5 46. a4 bxa4 47. bxa4 Kd5 48. Nc4 Kc6 49. a5 Kc7 50. a6 Bc3 51. a7 Kb7 52. Nd6+ Kxa7 53. Nxf5 Kb6 54. Ke4 Kc6 55. Nxh6 Bb4 56. Nf7 Kd7 57. Ne5+ Ke6 58. Nd3 Ba3 59. g4 Kf6 60. h4 Kg6 61. g5 Kg7 62. f5 Kf7 63. h5 Kg7 64. g6 Kg8 65. f6 Kf8 66. h6 Kg8 67. f7+ Kf8 68. h7 1-0